| 000 | 00417nam a2200157Ia 4500 | ||
|---|---|---|---|
| 008 | 160316s1995 xxu||||| |||| 00| 0 eng d | ||
| 082 |
_a347.072000 _bROS |
||
| 100 | _aRose William M | ||
| 245 | _aPleadings without tears : A guide to legal drafting | ||
| 250 | _a2nd | ||
| 260 |
_aDelhi _bUniversal Book Traders _c1995 |
||
| 300 |
_a316 _b _c |
||
| 365 | _b | ||
| 650 | _a1.Pleadings - Legal Drafting | ||
| 700 |
_a _a |
||
| 999 |
_c9031 _d9031 |
||